| 000 | 00361nam a22001457a 4500 | ||
|---|---|---|---|
| 999 |
_c7960 _d7960 |
||
| 003 | OSt | ||
| 005 | 20200610140611.0 | ||
| 008 | 200610b ||||| |||| 00| 0 eng d | ||
| 020 | _a9781845332914 | ||
| 082 |
_a712.6 _bCOO |
||
| 100 | _aCooper, Paul, | ||
| 245 | _aThe new tech garden | ||
| 260 |
_aUnited Kingdom _bOctopus Publishing Group, _c2007 |
||
| 942 | _2ddc | ||